00000000nam 2200000zi 4500
0019.932055
003CaOODSP
00520241120150425
006m     o  d f      
007cr |n|||||||||
008231229e198610##quc     ob   f|0| 0 fre d
040 |aCaOODSP|bfre|erda|cCaOODSP
043 |an-cn-qu
0861 |aCW66-1500/1986F-PDF
1001 |aRepentigny, Léo-Guy de, |eauteur.
24510|aÉvaluation de la propriété Bildfell, Dundee / |cLéo Guy de Repentigny.
264 1|a[Sainte-Foy, Québec] : |bEnvironnement Canada, Service canadien de la faune, Région du Québec, |coctobre 1986.
300 |a1 ressource en ligne (15 pages non numérotées)
336 |atexte|btxt|2rdacontent/fre
337 |ainformatique|bc|2rdamedia/fre
338 |aressource en ligne|bcr|2rdacarrier/fre
500 |aÉdition numérisée de l’imprimé [par Environnement et changement climatique Canada].
504 |aComprend des références bibliographiques.
650 6|aMarais|zQuébec (Province)
650 6|aOiseaux|xHabitat|zQuébec (Province)
650 0|aMarshes|zQuébec (Province)
650 0|aBirds|xHabitat|zQuébec (Province)
651 6|aRéserve nationale de faune de Dundee (Québec)
651 6|aRéserve nationale de faune du Lac-Saint-François (Québec)
7101 |aCanada. |bEnvironnement Canada, |eorganisme de publication.
7102 |aService canadien de la faune. |bRégion du Québec, |eorganisme de publication.
85640|qPDF|s313 Ko|uhttps://publications.gc.ca/collections/collection_2024/eccc/cw66/CW66-1500-1986-fra.pdf